|
|
|
|
| LEADER |
01221nam a22003254a 4500 |
| 001 |
37932 |
| 003 |
BD-DhAAL |
| 005 |
20220306153255.0 |
| 008 |
220306t2002 dcua b i000 0 eng d |
| 999 |
|
|
|c 43667
|d 43667
|
| 010 |
|
|
|a 2002401060
|
| 020 |
|
|
|a 0821348353
|
| 020 |
|
|
|a 9780821348352
|
| 040 |
|
|
|a DLC
|c DLC
|d DLC
|d BD-DhAAL
|
| 042 |
|
|
|a pcc
|
| 050 |
0 |
0 |
|a HJ192.5
|b .G68 2002
|
| 082 |
0 |
0 |
|a 352.4
|2 21
|
| 245 |
0 |
0 |
|a Government at risk :
|b contingent liabilities and fiscal risk /
|c edited by Hana Polackova Brixi, Allen Schick.
|
| 260 |
|
|
|a Washington, DC :
|b World Bank ;
|a New York :
|b Oxford University Press,
|c c2002.
|
| 300 |
|
|
|a xi, 471 pages :
|b illustrations ;
|c 24 cm.
|
| 504 |
|
|
|a Includes bibliographical references.
|
| 541 |
|
|
|a Donated by Akbar Ali Khan
|e 37932
|
| 650 |
|
0 |
|a Fiscal policy.
|9 46429
|
| 650 |
|
0 |
|a Finance, Public.
|9 46430
|
| 650 |
|
0 |
|a Risk.
|9 46431
|
| 700 |
1 |
|
|a Brixi, Hana Polackova.
|9 46432
|
| 700 |
1 |
|
|a Schick, Allen.
|9 46433
|
| 852 |
|
|
|a Ayesha Abed Library
|c Akbar Ali Khan Collection
|
| 942 |
|
|
|2 ddc
|c BK
|
| 952 |
|
|
|0 0
|1 0
|2 ddc
|4 0
|6 352_400000000000000_GOV
|7 1
|9 69999
|a BRACUL
|b BRACUL
|c AAKC
|d 2022-03-06
|e Donated by Akbar Ali Khan
|l 0
|o 352.4 GOV
|p 3010037932
|r 2022-03-06
|t 1
|w 2022-03-06
|y BK
|